| 000 | 00558ntaaa2200181 4500 | ||
|---|---|---|---|
| 003 | 01 | ||
| 005 | 20251027201243.0 | ||
| 008 | 0714s1973 ag 01 | ||
| 040 |
_aAR-BaBN _bspa _cAR-BaBN _eaacr _dRIC |
||
| 082 | _a220.92 W17 | ||
| 100 |
_aWalter, Rollin H. _910743 |
||
| 245 |
_aHombres de arrojo / _cRollin H. Walter |
||
| 250 |
_a1 ed. : _bImprenta Metodista, _cc1949 |
||
| 300 | _a191 p. | ||
| 500 | _a"Estudio de cuatro de los heraldos de la profecia: Amós, Oseas, Isaías y el Heraldo de la Restauración." | ||
| 650 |
_aBiblia-A.T. _95519 |
||
| 942 | _cBK | ||
| 999 |
_c6916 _d6916 |
||